Statistics for The Hobbit: An Unexpected Journey Characters Quiz

Click here to take the quiz!

General Stats

  • This quiz has been taken 94 times
  • The average score is 23 of 30

Answer Stats

Actor/ActressDescriptionCharacter% Correct
Martin Freeman, Ian HolmA hobbit hired by the wizard Gandalf to accompany 13 dwarves on a quest to reclaim the Lonely Mountain from the dragon SmaugBilbo Baggins
99%
Ian McKellenA wizard who recruits Bilbo and helps to arrange the quest to reclaim the dwarves' lost treasure in EreborGandalf the Grey
99%
Richard ArmitageThe leader of the Company of dwarves who has set out to reclaim his birthright as King of the Lonely Mountain from SmaugThorin Oakenshield II
99%
Elijah WoodBilbo's favorite nephewFrodo Baggins
96%
Aidan TurnerThorin's nephew and Fíli's younger brotherKili
96%
Ken StottDwalin's brotherBalin
95%
Graham McTavishBalin's brotherDwalin
95%
Dean O'GormanThorin's nephew and Kíli's older brotherFili
95%
Stephen HunterBofur's brother and Bifur's cousinBombur
93%
Jed BrophyDori and Ori's brotherNori
93%
Adam BrownDori and Nori's brotherOri
93%
James NesbittBombur's brother and Bifur's cousinBofur
92%
Hugo WeavingThe Elven-Lord of Rivendell, who gives shelter to Bilbo's party, despite Thorin's great suspicion of ElvesElrond
92%
Peter HambletonÓin's brotherGloin
92%
Andy SerkisA wretched hobbit-like creature corrupted by the One RingGollum
92%
John CallenGloin's brotherOin
92%
William KircherBofur and Bombur's cousinBifur
91%
Mark HadlowNori and Ori's brotherDori
91%
Sylvester McCoyAn Istari wizard whose wisdom involves nature and wildlifeRadagast the Brown
91%
Cate BlanchettThe elven co-ruler of Lothlórien along with her husband, Lord CelebornGaladriel
88%
Christopher LeeThe head of the Istari Order and its White CouncilSaruman the White
87%
Manu BennettThe Orc chieftain of Moria who beheaded King Thrór in the battle of Azanulbizar and now hunts for Thorin and his Company after taking an oath to break the line of DurinAzog the Defiler
82%
Lee PaceThe Elven-King of MirkwoodThranduil
78%
Jeffrey ThomasThe former king of Durin's Folk and Thorin's grandfatherThror
70%
Barry HumphriesThe king of the underground caverns of Goblin Town in the Misty MountainsThe Great Goblin
50%
John RawlsAzog's second-in-commandYazneg
26%
Bret McKenzieAn elf of RivendellLindir
22%
Michael MizrahiThe last Dwarf-King of Erebor and Thorin's fatherThrain II
12%
Stephen UreOne of Azog's Orc hunters, and lieutenant to YaznegFimbul
5%
Kiran ShahA scribe and messenger for the Great GoblinGoblin Scribe
3%

Score Distribution

Percentile by Number Answered

Percent of People with Each Score

Your Score History

You have not taken this quiz